Machu Picchu : (Record no. 21335)

000 -CABECERA
fixed length control field 01058nam a22002657a 4500
003 - IDENTIFICADOR DEL NÚMERO DE CONTROL
control field AR-CdUCM
008 - DATOS DE LONGITUD FIJA--INFORMACIÓN GENERAL
fixed length control field 190304b ||||| |||| 00| 0 spa d
020 ## - NÚMERO INTERNACIONAL ESTÁNDAR DEL LIBRO
ISBN 9786124340246
040 ## - FUENTE DE LA CATALOGACIÓN
Agencia/entidad que catalogó originalmente la obra MUNICIPALIDAD PROVINCIAL DEL CUSCO
Entidad que transcribió la catalogación BIBLIOTECA MUNICIPAL DEL CUSCO
082 ## - NÚMERO DE LA CLASIFICACIÓN DECIMAL DEWEY
No. de Clasificación 985.61/V17M
Notacion interna V17M
No. de la edición Décima
100 ## - ENTRADA PRINCIPAL--NOMBRE DE PERSONA
Nombre Personal Valcárcel, Luis E
245 ## - MENCIÓN DE TÍTULO
Título Machu Picchu :
Resto del título El más famoso monumento arqueológico del Perú /
Mención de responsabilidad Luis Eduardo Varcárcel
260 ## - PUBLICACIÓN, DISTRIBUCIÓN, ETC.
Lugar de publicación, distribución, etc. Lima ;
Nombre de la editorial, distribuidor, etc. Fondo Editorial de la UIGV,
Fecha de publicación, distribución, etc. 2018.
300 ## - DESCRIPCIÓN FÍSICA
Nº de Páginas Extensión 318 Páginas. :
Otros detalles físicos ilustraciones ;
Dimensiones 27 cm.
440 ## - MENCIÓN DE SERIE/PUNTO DE ACCESO ADICIONAL--TÍTULO
Título Obras Escogidas
9 (RLIN) 24987
505 ## - NOTA DE CONTENIDO CON FORMATO
Nota de contenido formateada Contenido: El Imperio Incaico -- Machupicchu el más famoso monumento arqueológico del Perú -- La Región Tampu -- Los centros Poblados -- Huayna Picchu -- Interpretación Final...
650 ## - PUNTO DE ACCESO ADICIONAL DE MATERIA--TÉRMINO DE MATERIA
Descriptor El imperio Incaico
9 (RLIN) 8722
650 ## - PUNTO DE ACCESO ADICIONAL DE MATERIA--TÉRMINO DE MATERIA
Descriptor Machupicchu
9 (RLIN) 1751
650 ## - PUNTO DE ACCESO ADICIONAL DE MATERIA--TÉRMINO DE MATERIA
Descriptor Pachakuti
9 (RLIN) 8723
650 ## - PUNTO DE ACCESO ADICIONAL DE MATERIA--TÉRMINO DE MATERIA
Descriptor Tampu
9 (RLIN) 8724
650 ## - PUNTO DE ACCESO ADICIONAL DE MATERIA--TÉRMINO DE MATERIA
Descriptor Inca
9 (RLIN) 421
710 ## - PUNTO DE ACCESO ADICIONAL--NOMBRE DE ENTIDAD CORPORATIVA
Nombre corporativo (En letras Mayúsculas) Universidad Inca Garcilaso de la Vega
9 (RLIN) 24988
942 ## - ELEMENTOS DE PUNTO DE ACCESO ADICIONAL (KOHA)
Fuente de clasificación
Tipo de item Libros-BMC
945 ## - PROCESAMIENTO DE INFORMACIÓN LOCAL (OCLC)
Catalogador Roel
Holdings
Estado de retiro (separado) Fuente de clasificación o esquema de estanterías Estado dañado Ubicación Sala donde se ubica Nombre de la colección Fecha de adquisición o compra Fuente de adquisición Costo, precio normal en soles Signatura topográfica Código de Barras Última vez visto (Koha) Tipo de ítem (Koha)
No     Sala Humanidades Sala Humanidades Book Cart 2020-02-25 Donación 20.00 985.61/V17M SH0000015703 2020-02-25 Libros-BMC

Powered by Koha